Combien de ville du Puy de Dome (63) connais-tu ? - Statistiques

Statistiques générales
  • Ce quiz a été pris 84 fois
  • Le résultat moyen est 84 sur 464
Statistiques - réponses
Code postal Ville % Correct
63033 Clermont-Ferrand
95%
63500 Issoire
76%
63200 Riom
75%
63600 Ambert
73%
63407 Chamalières
67%
63160 Billom
65%
63300 Thiers
65%
63171 Aubière
64%
63510 Aulnat
60%
63800 Cournon-d'Auvergne
60%
63360 Gerzat
60%
63110 Beaumont
56%
63370 Lempdes
55%
63970 Aydat
53%
63150 La Bourboule
53%
63430 Pont-du-Château
53%
63270 Vic-le-Comte
53%
63260 Aigueperse
49%
63730 Les Martres-de-Veyre
47%
63190 Lezoux
47%
63670 Le Cendre
45%
63130 Royat
45%
63530 Volvic
45%
63114 Authezat
44%
63114 Coudes
44%
63320 Champeix
42%
63790 Murol
42%
63122 Ceyrat
40%
63450 Chanonat
40%
63830 Durtol
40%
63720 Ennezat
40%
63240 Mont-Dore
40%
63500 Sauxillanges
40%
63112 Blanzat
38%
63350 Joze
38%
63208 Mozac
38%
63270 Parent
38%
63540 Romagnat
38%
63710 Saint-Nectaire
38%
63610 Besse-et-Saint-Anastaise
36%
63460 Combronde
36%
63116 Beauregard-l'Évêque
35%
63990 Job
35%
63570 Jumeaux
35%
63620 La Celle
35%
63940 Marsac-en-Livradois
35%
63570 Brassac-les-Mines
33%
63500 Brenat
33%
63118 Cébazat
33%
63250 Celles-sur-Durolle
33%
63210 Nébouzat
33%
63730 Plauzat
33%
63420 Ardes
31%
63250 Chabreloche
31%
63160 Chas
31%
63300 Escoutoux
31%
63430 Les Martres-d'Artière
31%
63870 Orcines
31%
63500 Parentignat
31%
63230 Saint-Ours
31%
63120 Vollore-Ville
31%
63340 Antoingt
29%
63260 Aubiat
29%
63790 Chambon-sur-Lac
29%
63230 Chapdes-Beaufort
29%
63720 Chappes
29%
63320 Clémensat
29%
63590 Cunlhat
29%
63470 Herment
29%
63500 Le Broc
29%
63360 Lussat
29%
63960 Veyre-Monton
29%
63120 Vollore-Montagne
29%
63460 Artonne
27%
63570 Auzat-la-Combelle
27%
63600 Champétières
27%
63140 Châtel-Guyon
27%
63160 Fayet-le-Château
27%
63270 Isserteaux
27%
63460 Jozerand
27%
63580 La Chapelle-sur-Usson
27%
63680 La Tour-d'Auvergne
27%
63580 Le Vernet-Chaméane
27%
63114 Montpeyroux
27%
63190 Ravel
27%
63270 Yronde-et-Buron
27%
63980 Aix-la-Fayette
25%
63420 Anzat-le-Luguet
25%
63340 Augnat
25%
63810 Bagnols
25%
63340 Boudes
25%
63320 Chadeleuf
25%
63720 Chavaroux
25%
63720 Clerlande
25%
63350 Culhat
25%
63160 Égliseneuve-près-Billom
25%
63530 Enval
25%
63520 Estandeuil
25%
63630 Fayet-Ronaye
25%
63340 Gignat
25%
63590 La Chapelle-Agnon
25%
63420 La Chapelle-Marcousse
25%
63340 Le Breuil-sur-Couze
25%
63350 Luzillat
25%
63320 Montaigut-le-Blanc
25%
63150 Murat-le-Quaire
25%
63830 Nohanent
25%
63310 Randan
25%
63290 Ris
25%
63210 Rochefort-Montagne
25%
63490 Usson
25%
63500 Aulhat-Flat
24%
63590 Auzelles
24%
63390 Ayat-sur-Sioule
24%
63600 Baffie
24%
63640 Biollet
24%
63760 Bourg-Lastic
24%
63910 Bouzel
24%
63210 Ceyssat
24%
63680 Chastreix
24%
63119 Châteaugay
24%
63117 Chauriat
24%
63220 Doranges
24%
63300 Dorat
24%
63570 Esteil
24%
63210 Heume-l'Église
24%
63850 La Godivelle
24%
63700 Lapeyrouse
24%
63450 Le Crest
24%
63710 Le Vernet-Sainte-Marguerite
24%
63410 Manzat
24%
63350 Maringues
24%
63170 Pérignat-lès-Sarliève
24%
63500 Saint-Babel
24%
63360 Saint-Beauzire
24%
63340 Saint-Germain-Lembron
24%
63250 Arconsat
22%
63930 Augerolles
22%
63570 Bansat
22%
63310 Bas-et-Lezat
22%
63460 Beauregard-Vendon
22%
63520 Ceilloux
22%
63380 Combrailles
22%
63120 Courpière
22%
63700 Durmignat
22%
63260 Effiat
22%
63620 Fernoël
22%
63650 La Monnerie-le-Montel
22%
63200 Marsat
22%
63730 Mirefleurs
22%
63320 Neschers
22%
63500 Orbeil
22%
63210 Orcival
22%
63500 Pardines
22%
63160 Reignat
22%
63450 Saint-Amant-Tallende
22%
63580 Sainte-Catherine
22%
63630 Saint-Germain-l'Herm
22%
63550 Saint-Rémy-sur-Durolle
22%
63530 Sayat
22%
63580 Valz-sous-Châteauneuf
22%
63260 Vensat
22%
63500 Vodable
22%
63700 Youx
22%
63420 Apchat
20%
63220 Arlanc
20%
63120 Aubusson-d'Auvergne
20%
63160 Bongheat
20%
63820 Briffons
20%
63350 Bulhon
20%
63330 Bussières
20%
63200 Chambaron sur Morge
20%
63440 Champs
20%
63410 Charbonnières-les-Vieilles
20%
63390 Châteauneuf-les-Bains
20%
63320 Chidrac
20%
63610 Compains
20%
63380 Condat-en-Combraille
20%
63450 Cournols
20%
63850 Égliseneuve-d'Entraigues
20%
63600 La Forie
20%
63380 Landogne
20%
63670 La Roche-Blanche
20%
63700 Montaigut-en-Combraille
20%
63230 Montfermy
20%
63160 Montmorin
20%
63340 Nonette-Orsonnette
20%
63290 Paslières
20%
63500 Perrier
20%
63420 Rentières
20%
63200 Saint-Bonnet-près-Riom
20%
63122 Saint-Genès-Champanelle
20%
63490 Sugères
20%
63450 Tallende
20%
63470 Tortebesse
20%
63910 Vertaizon
20%
63200 Yssac-la-Tourette
20%
63980 Chambon-sur-Dolore
18%
63410 Charbonnières-les-Varennes
18%
63490 Condat-lès-Montboissier
18%
63320 Courgoul
18%
63340 Dauzat-sur-Vodable
18%
63980 Échandelys
18%
63720 Entraigues
18%
63570 Lamontgie
18%
63760 Lastic
18%
63880 Le Brugeron
18%
63440 Lisseuil
18%
63270 Manglieu
18%
63111 Mur-sur-Allier
18%
63420 Roche-Charles-la-Mayrand
18%
63520 Saint-Dier-d'Auvergne
18%
63320 Saint-Vincent
18%
63390 Sauret-Besserve
18%
63470 Sauvagnat
18%
63210 Vernines
18%
63220 Beurières
16%
63270 Busséol
16%
63340 Charbonnier-les-Mines
16%
63640 Charensat
16%
63490 Égliseneuve-des-Liards
16%
63840 Églisolles
16%
63980 Fournols
16%
63700 La Crouzille
16%
63730 La Sauvetat
16%
63480 Marat
16%
63720 Martres-sur-Morge
16%
63380 Montel-de-Gelat
16%
63210 Olby
16%
63880 Olliergues
16%
63800 Pérignat-sur-Allier
16%
63580 Peslières
16%
63200 Pessat-Villeneuve
16%
63113 Picherande
16%
63230 Pontgibaud
16%
63120 Sainte-Agathe
16%
63320 Saint-Floret
16%
63270 Sallèdes
16%
63320 Saurier
16%
63500 Sauvagnat-Sainte-Marthe
16%
63260 Thuret
16%
63340 Villeneuve
16%
63500 Bergonne
15%
63340 Chalus
15%
63320 Chassagne
15%
63330 Château-sur-Cher
15%
63740 Cisternes-la-Forêt
15%
63600 Grandrif
15%
63660 La Chaulme
15%
63820 Laqueuille
15%
63510 Malintrat
15%
63200 Ménétrol
15%
63120 Néronde-sur-Dore
15%
63920 Peschadoires
15%
63330 Pionsat
15%
63290 Puy-Guillaume
15%
63330 Roche-d'Agoux
15%
63450 Saint-Saturnin
15%
63500 Saint-Yvoine
15%
63560 Servant
15%
63690 Tauves
15%
63310 Villeneuve-les-Cerfs
15%
63330 Virlet
15%
63700 Ars-les-Favets
13%
63210 Aurières
13%
63310 Beaumont-lès-Randan
13%
63230 Bromont-Lamothe
13%
63580 Champagnat-le-Jeune
13%
63810 Cros
13%
63200 Davayat
13%
63520 Domaize
13%
63390 Espinasse
13%
63850 Espinchal
13%
63890 Grandval
13%
63930 La Renaudie
13%
63690 Larodde
13%
63220 Medeyrolles
13%
63200 Prompsat
13%
63420 Saint-Alyre-ès-Montagne
13%
63320 Saint-Diéry
13%
63600 Saint-Just
13%
63970 Saulzet-le-Froid
13%
63840 Sauvessanges
13%
63500 Solignat
13%
63340 Ternant-les-Eaux
13%
63320 Tourzel-Ronzières
13%
63720 Varennes-sur-Morge
13%
63500 Varennes-sur-Usson
13%
63470 Verneugheol
13%
63480 Vertolaye
13%
63340 Vichel
13%
63690 Avèze
11%
63490 Brousse
11%
63530 Chanat-la-Mouteyre
11%
63290 Châteldon
11%
63730 Corent
11%
63620 Giat
11%
63160 Glaine-Montaigut
11%
63290 Lachaux
11%
63270 Laps
11%
63800 La Roche-Noire
11%
63770 Les Ancizes-Comps
11%
63500 Les Pradeaux
11%
63290 Limons
11%
63200 Malauzat
11%
63340 Mareugheol
11%
63320 Meilhaud
11%
63560 Menat
11%
63700 Moureuille
11%
63290 Noalhat
11%
63880 Olmet
11%
63670 Orcet
11%
63210 Perpezat
11%
63380 Pontaumur
11%
63470 Prondines
11%
63230 Pulvérières
11%
63840 Saillant
11%
63630 Saint-Bonnet-le-Bourg
11%
63390 Sainte-Christine
11%
63700 Saint-Éloy-les-Mines
11%
63390 Saint-Gervais-d'Auvergne
11%
63950 Saint-Sauves-d'Auvergne
11%
63590 Tours-sur-Meymont
11%
63190 Bort-l'Étang
9%
63350 Crevant-Laveine
9%
63220 Dore-l'Église
9%
63160 Espirat
9%
63320 Grandeyrolles
9%
63690 Labessette
9%
63160 Mauzun
9%
63190 Moissat
9%
63190 Orléat
9%
63780 Queuille
9%
63660 Saint-Anthème
9%
63210 Saint-Bonnet-près-Orcival
9%
63320 Saint-Cirgues-sur-Couze
9%
63680 Saint-Donat
9%
63580 Saint-Genès-la-Tourette
9%
63720 Saint-Ignat
9%
63160 Saint-Julien-de-Coppel
9%
63350 Saint-Laure
9%
63610 Saint-Pierre-Colamine
9%
63450 Saint-Sandoux
9%
63720 Surat
9%
63380 Tralaigues
9%
63810 Trémouille-Saint-Loup
9%
63520 Trézioux
9%
63330 Vergheas
9%
63570 Beaulieu
7%
63480 Bertignat
7%
63220 Chaumont-le-Bourg
7%
63410 Loubeyrat
7%
63340 Madriat
7%
63230 Mazaye
7%
63420 Mazoires
7%
63450 Olloix
7%
63470 Puy-Saint-Gulmier
7%
63310 Saint-André-le-Coq
7%
63380 Saint-Avit
7%
63630 Saint-Bonnet-le-Chastel
7%
63580 Saint-Étienne-sur-Usson
7%
63850 Saint-Genès-Champespe
7%
63780 Saint-Georges-de-Mons
7%
63190 Saint-Jean-d'Heurs
7%
63270 Saint-Maurice
7%
63790 Saint-Victor-la-Rivière
7%
63750 Savennes
7%
63190 Seychalles
7%
63600 Thiolières
7%
63600 Valcivières
7%
63440 Blot-l'Église
5%
63290 Charnat
5%
63340 Collanges
5%
63200 Le Cheix
5%
63750 Messeix
5%
63340 Moriat
5%
63220 Novacelles
5%
63270 Pignols
5%
63440 Pouzol
5%
63890 Saint-Amant-Roche-Savine
5%
63520 Saint-Flour-l'Étang
5%
63260 Saint-Genès-du-Retz
5%
63340 Saint-Hérent
5%
63520 Saint-Jean-des-Ollières
5%
63330 Saint-Maigner
5%
63440 Saint-Pardoux
5%
63440 Saint-Rémy-de-Blot
5%
63500 Saint-Rémy-de-Chargnat
5%
63310 Saint-Sylvestre-Pragoulin
5%
63120 Sermentizon
5%
63610 Valbeleix
5%
63910 Vassel
5%
63840 Viverols
5%
63620 Voingt
5%
63260 Bussières-et-Pruns
4%
63700 Buxières-sous-Montaigut
4%
63260 Chaptuzat
4%
63740 Gelles
4%
63190 Lempty
4%
63330 Le Quartier
4%
63160 Neuville
4%
63220 Saint-Alyre-d'Arlanc
4%
63660 Saint-Clément-de-Valorgue
4%
63440 Saint-Gal-sur-Sioule
4%
63800 Saint-Georges-sur-Allier
4%
63470 Saint-Germain-près-Herment
4%
63330 Saint-Hilaire
4%
63490 Saint-Jean-en-Val
4%
63820 Saint-Julien-Puy-Lavèze
4%
63600 Saint-Martin-des-Olmes
4%
63460 Saint-Myon
4%
63210 Saint-Pierre-Roche
4%
63640 Saint-Priest-des-Champs
4%
63490 Saint-Quentin-sur-Sauxillanges
4%
63440 Saint-Quintin-sur-Sioule
4%
63460 Teilhède
4%
63250 Viscomtat
4%
63410 Vitrac
4%
63200 Gimeaux
2%
63230 La Goutelle
2%
63440 Marcillat
2%
63220 Mayres
2%
63460 Montcel
2%
63560 Neuf-Église
2%
63550 Palladuc
2%
63260 Saint-Agoulin
2%
63800 Saint-Bonnet-lès-Allier
2%
63310 Saint-Clément-de-Régnat
2%
63890 Saint-Éloy-la-Glacière
2%
63380 Saint-Étienne-des-Champs
2%
63600 Saint-Ferréol-des-Côtes
2%
63230 Saint-Jacques-d'Ambur
2%
63570 Saint-Jean-Saint-Gervais
2%
63230 Saint-Pierre-le-Chastel
2%
63310 Saint-Priest-Bramefant
2%
63660 Saint-Romain
2%
63550 Saint-Victor-Montvianeix
2%
63260 Sardon
2%
63120 Sauviat
2%
63690 Singles
2%
63320 Verrières
2%
63380 Villossanges
2%
63350 Vinzelles
2%
63390 Gouttières
0%
63330 La Cellette
0%
63890 Le Monestier
0%
63320 Ludesse
0%
63380 Miremont
0%
63310 Mons
0%
63260 Montpensier
0%
63410 Saint-Angel
0%
63310 Saint-Denis-Combarnazat
0%
63880 Saint-Gervais-sous-Meymont
0%
63340 Saint-Gervazy
0%
63440 Saint-Hilaire-la-Croix
0%
63380 Saint-Hilaire-les-Monges
0%
63390 Saint-Julien-la-Geneste
0%
63570 Saint-Martin-des-Plains
0%
63580 Saint-Martin-d'Ollières
0%
63330 Saint-Maurice-près-Pionsat
0%
63480 Saint-Pierre-la-Bourlhonne
0%
63220 Saint-Sauveur-la-Sagne
0%
63760 Saint-Sulpice
0%
63560 Teilhet
0%
Aucun quiz correspondant
Distribution des résultats
% des personnes avec chaque résultat
Percentile par nombre de réponses
Votre historique - résultats
Vous n’avez pas pris ce quiz